000 00301nam a22001217a 4500
008 170503b xxu||||| |||| 00| 0 eng d
041 _aeng
080 _24 ED
_a343.9
100 _a13
101 _aSHJ
245 _aCRIMINAL PROCEDURE REGULATION POLICE INVESTIGATION
_cSLOBOGI.CH
942 _2udc
_cBK
999 _c12520
_d12520